Countries Bordering Unknown Country #15 - Statistics

General Stats
  • This quiz has been taken 811 times
  • The average score is 7 of 7
Answer Stats
Bordering Country Answer % Correct
N Niger
99%
N Nigeria
99%
Chad
97%
L Libya
96%
S Sudan
95%
C Cameroon
93%
C C.A.R.
91%
No matching quizzes found
Score Distribution
Percent of People with Each Score
Percentile by Number Answered
Your Score History
You have not taken this quiz